000 00557nam a2200157Ia 4500
008 210210b1990 xxu||||| |||| 00| 0 eng d
020 _a0 333 42386 0
082 _a820.9 DYST
100 _aDYSON (A E), Ed.
245 _aTom Stoppard Rosencrantz and Guildenstern are dead,jumpers and travesties: a casebook . ed by T Bareham.
260 _aLondon
_bMacmillan Press Ltd
_c1990
300 _a220
650 _aTom Stoppard Rosencrantz Guildenstern are dead Jumpers &Travesties critical Essays Case Book
690 _aEnglish Criticism
906 _a056047
999 _c103634
_d103634